000 02573nam a2200265 a 4500
003 AM-YEHGA
005 20260320105621.0
008 260320s1907 gs |||||r|||| 00||0 arm|d
040 _aAM-YEHGA
041 1 _aarm
_hgeo
100 1 _aԿապանաձէ
245 1 0 _aԳիւղական ուսուցչի ձայնը =
_b"Голосъ сельскаго учителя" /
_cԿապանաձէ ; Թարգմանիչ՝ Մ. Տ. Շւոտ.
246 1 5 _a"Голосъ сельскаго учителя"
260 _aԹիֆլիս :
_bԵլեքտրաշարժ տպարան օր. Ն. Աղանեանի,
_c1907.
300 _a(9 գիրք մեկ կազմի մեջ) ; Է, V, 51 էջ
500 _aՇարվածքը՝ 16X10 սմ:
500 _aՏիտղոսաթերթին՝ զարդանկար և օտարալեզու գրություն:
500 _aԱլիգ 3
501 _aՄեկ կազմի մեջ՝ Գեղեցիկ ասացուածք / Գէորք ծ. վրդ. Արսլանեան։ Կ. Պոլիս: Տպարան «Կոհակ»ի: 1913։ - Ալիգ 1 ; Ազատութիւն քաղաքական և տնտեսական : Ատենախօսություն / Հմայեակ Արամեանց (Շւոտ Մ.Տ.)։ Կ. Պոլիս: Տպագրութիւն Վ. եւ Հ. Տէր-Ներսէսեան։ 1908։ - Ալիգ 2 ; Կայծկլտուք : (Քերթուածներ) / Յովհաննէս Մ.Խ. Գմբէթեան։ Կ. Պոլիս: Տպագրութիւն Արշակ Կ. Կարօեան։ 1910։ - Ալիգ 4 ; Անուրջներ : Պատմվածք / Օ. Շրէյներ։ Թաւրիզ: Տպարան Ատրպատականի հայերի թէմական արագատիպ։ 1904։ - Ալիգ 5 ; Սուրբ Մեսրոպ / Ատոմ Եարճանեան-Սիամանթօ։ Կ. Պոլիս: տպ. Օ. Արզուման։ 1914։ - Ալիգ 6 ; Երկրագործութեան անտառաց եւ հանքաց : Զարգացումն ու շահագործումն / Ն. Տաղաւարեան։ Կ. Պոլիս: Տպարան Օ. Արզուման։ 1909։ - Ալիգ 7 ; Պատմութիւն Հնչակեան կուսակցութեան ։ Ա․ հատոր / Հմայակ Արամեանց։ Կ. Պոլիս: Տպարան «Կոհակ»ի։ 1912։ - Ալիգ 8 ; Ապստամբ Յիսուսը / Կարլ Կաուցկի։ Կ. Պոլիս: Տպարան «Կոհակ»ի։ 1913։ - Ալիգ 9
650 1 4 _aՄանկավարժություն
651 4 _aԹբիլիսի
_96558
651 4 _aՎրաստան
_96630
700 1 _aԱրամյան, Հմայակ Հայրապետի,
_d1878-1919
_eթարգմ.
_4trl
_9770
942 _2udc
_cBK
_n0
999 _c541747
_d541747